Tiere mit F - Statistiken

Allgemein
  • Dieses Quiz wurde 107 mal gespielt
    59 seit der letzten Aktualisierung
  • Das Durchschnittsergebnis liegt bei 11 aus 23
Antwortstatistiken
Hint Antwort % Korrekt
Amphibie Frosch
85%
Vogel Falke
83%
Fisch Fisch
83%
Insekt Fliege
80%
Fisch Forelle
72%
Säugetier Fuchs
72%
Vogel Fasan
65%
Säugetier Fledermaus
65%
Säugetier Faultier
63%
Säugetier Frettchen
59%
Vogel Flamingo
54%
Insekt Floh
54%
Fisch Flunder
41%
Säugetier Flusspferd
33%
Amphibie Feuersalamander
30%
Säugetier Feldmaus
26%
Vogel Fischreiher
26%
Insekt Fruchtfliege
26%
Säugetier Feldhase
22%
Sonstiges Feuerqualle
17%
Sonstiges Flusskrebs
11%
Säugetier Flughörnchen
9%
Insekt Feuerkäfer
4%
Keine übereinstimmenden Quizze gefunden
Verteilung der Resultate
Anzahl Personen mit jedem Resultat
Perzentil nach korrekt beantworteten Fragen
Ihre Resultats-Entwicklung
Sie haben dieses Quiz seit der letzten Aktualisierung nicht gespielt